[Event "Charlotte op"]
[Site "Charlotte"]
[Date "2021.12.29"]
[Round "7"]
[White "Chandra, Akshat"]
[Black "Ashwin, Jayaram"]
[Result "1-0"]
[WhiteElo "2484"]
[BlackElo "2480"]
[PlyCount "113"]
[EventDate "2021.12.26"]
[EventType "swiss"]
[EventRounds "9"]
[EventCountry "USA"]
[SourceTitle "CBM 205 Extra"]
[Source "ChessBase"]
[SourceDate "2022.01.31"]
[SourceVersion "1"]
[SourceVersionDate "2022.01.31"]
[SourceQuality "1"]

1. e4 c5 2. Nf3 e6 3. d4 cxd4 4. Nxd4 a6 5. Bd3 Bc5 6. Nb3 Ba7 7. 0-0 Nc6 8. Qe2 d6 9. Be3 Nf6 10. c4 0-0 11. Nc3 e5 12. Bxa7 Rxa7 13. Qe3 b6 14. Rfd1 Nd7 15. Bf1 Nc5 16. Rd2 Be6 17. Rad1 Rd7 18. Nc1 Kh8 19. h3 f6 20. b3 Bf7 21. Be2 Be6 22. Bg4 Bxg4 23. hxg4 Ne6 24. N1e2 Qb8 25. a4 h6 26. Nd5 b5 27. cxb5 axb5 28. Rc1 Ned4 29. Nxd4 Nxd4 30. a5 b4 31. Rc4 Ra7 32. Ra2 Qd8 33. a6 Qd7 34. Rxb4 Qxg4 35. Rb7 Qd1+ 36. Kh2 Rxb7 37. axb7 Nc6 38. Ra8 Nb8 39. Ne7 Qh5+ 40. Qh3 Qf7 41. Qc8 Qh5+ 42. Kg3 Re8 43. Rxb8 Qg5+ 44. Kh2 Qh5+ 45. Kg3 Qg5+ 46. Kf3 Qf4+ 47. Ke2 Qxe4+ 48. Kd2 Qb4+ 49. Kc2 Qe4+ 50. Kb2 Qd4+ 51. Ka3 Qa7+ 52. Kb4 Qxb8 53. Ka5 Kh7 54. Qxb8 Rd8 55. Qc8 Rxc8 56. Kb6 Rb8 57. Nd5 1-0

[Event "Charlotte op"]
[Site "Charlotte"]
[Date "2021.12.27"]
[Round "2"]
[White "Perrine, Dalton"]
[Black "Ashwin, Jayaram"]
[Result "0-1"]
[WhiteElo "2278"]
[BlackElo "2480"]
[PlyCount "84"]
[EventDate "2021.12.26"]
[EventType "swiss"]
[EventRounds "9"]
[EventCountry "USA"]
[SourceTitle "CBM 205 Extra"]
[Source "ChessBase"]
[SourceDate "2022.01.31"]
[SourceVersion "1"]
[SourceVersionDate "2022.01.31"]
[SourceQuality "1"]

1. e4 c5 2. Nf3 e6 3. d4 cxd4 4. Nxd4 a6 5. g3 Nf6 6. Bg2 Qc7 7. 0-0 Be7 8. Qe2 d6 9. c4 Nc6 10. Be3 Nxd4 11. Bxd4 e5 12. Be3 Bg4 13. f3 Be6 14. b3 0-0 15. Rc1 Rfc8 16. Nc3 Qa5 17. Qd2 Kf8 18. Bf1 Rc6 19. Rab1 Bd7 20. a4 Qb4 21. g4 h6 22. h4 Bd8 23. Kh1 Bb6 24. Bxh6 Qc5 25. Bg2 gxh6 26. Qxh6+ Ke7 27. g5 Ne8 28. Nd5+ Kd8 29. Rc2 Be6 30. Rd1 Bxd5 31. exd5 Rc7 32. Re2 Qb4 33. f4 Qxb3 34. Rde1 Rxc4 35. fxe5 Qg3 36. Re4 Rxe4 37. Rxe4 Qf2 38. Kh2 Rc8 39. exd6 Qg1+ 40. Kg3 Rc3+ 41. Kf4 Qh2+ 42. Kf5 Nxd6+ 0-1

[Event "PRO League Stage"]
[Site "Chess.com INT"]
[Date "2019.03.06"]
[Round "9"]
[White "Ashwin, Jayaram"]
[Black "Postny, Evgeny"]
[Result "1/2-1/2"]
[WhiteElo "2500"]
[BlackElo "2623"]
[PlyCount "163"]
[EventDate "2019.01.08"]
[EventType "team-swiss (rapid)"]
[EventRounds "10"]
[EventCountry "USA"]
[SourceTitle "CBM 189 Extra"]
[Source "ChessBase"]
[SourceDate "2019.06.03"]
[SourceVersion "1"]
[SourceVersionDate "2019.06.03"]
[SourceQuality "1"]
[WhiteTeam "Webster Windmills"]
[BlackTeam "Pittsburgh Pawngrabbers"]
[WhiteTeamCountry "USA"]
[BlackTeamCountry "USA"]

1. d4 d5 2. c4 c6 3. Nc3 Nf6 4. e3 a6 5. Nf3 b5 6. b3 Bg4 7. Bd2 e6 8. h3 Bxf3 9. Qxf3 Bb4 10. Rc1 Bxc3 11. Bxc3 Ne4 12. cxd5 exd5 13. Bb4 c5 14. Bd3 Nc6 15. Bxc5 Qa5+ 16. b4 Qa3 17. Qd1 Nxc5 18. bxc5 Nb4 19. Be2 Nxa2 20. Ra1 b4 21. 0-0 b3 22. Qb1 0-0 23. Bd1 Nc3 24. Qxh7+ Kxh7 25. Rxa3 Nb1 26. Rxb3 Nd2 27. Bc2+ g6 28. Ra1 Nxb3 29. Bxb3 Rfd8 30. Ra5 Kg7 31. c6 Rd6 32. Bxd5 Rb8 33. Bf3 Ra8 34. g4 Kf6 35. Kg2 Ke7 36. d5 g5 37. Be2 Rdd8 38. e4 Kd6 39. Kf3 Rh8 40. Kg3 Rhb8 41. Rxa6 Rxa6 42. Bxa6 Rb3+ 43. f3 f6 44. Bc8 Rc3 45. Be6 Ra3 46. Bc8 Rc3 47. Ba6 Ra3 48. Be2 Ra2 49. Bd1 Ra1 50. Be2 Ra2 51. Bc4 Rc2 52. Bf1 Rc1 53. Kf2 Rc2+ 54. Be2 Ra2 55. Ke3 Ra3+ 56. Bd3 Rb3 57. Kd4 Rb4+ 58. Ke3 Rb3 59. Kd4 Rb4+ 60. Kc3 Ra4 61. Kb3 Ra1 62. Kc3 Ra3+ 63. Kd2 Ra2+ 64. Ke3 Ra3 65. Kd2 Ra2+ 66. Kc3 Rf2 67. Kd4 Rxf3 68. Ba6 Rxh3 69. Bc8 Ra3 70. Kc4 Ra4+ 71. Kd3 Rb4 72. Bf5 Ra4 73. Kc3 Ra1 74. Kb4 Rc1 75. Kb5 Rb1+ 76. Ka6 Kc7 77. Ka5 Rb2 78. Ka4 Kd6 79. Ka3 Rb8 80. Ka4 Kc7 81. Ka3 Kd6 82. Ka4 1/2-1/2

[Event "PRO League Stage"]
[Site "Chess.com INT"]
[Date "2019.03.06"]
[Round "9"]
[White "Liang, Awonder"]
[Black "Ashwin, Jayaram"]
[Result "1-0"]
[WhiteElo "2589"]
[BlackElo "2500"]
[PlyCount "79"]
[EventDate "2019.01.08"]
[EventType "team-swiss (rapid)"]
[EventRounds "10"]
[EventCountry "USA"]
[SourceTitle "CBM 189 Extra"]
[Source "ChessBase"]
[SourceDate "2019.06.03"]
[SourceVersion "1"]
[SourceVersionDate "2019.06.03"]
[SourceQuality "1"]
[WhiteTeam "Pittsburgh Pawngrabbers"]
[BlackTeam "Webster Windmills"]
[WhiteTeamCountry "USA"]
[BlackTeamCountry "USA"]

1. e4 Nf6 2. Nc3 d5 3. exd5 Nxd5 4. Nf3 Bg4 5. h3 Bh5 6. d4 e6 7. g4 Bg6 8. Bg2 Nb4 9. 0-0 Bxc2 10. Qd2 Bg6 11. Ne5 c6 12. f4 Nd7 13. a3 Nxe5 14. axb4 Nc4 15. Qf2 Be7 16. f5 exf5 17. gxf5 Bh5 18. Kh1 0-0 19. Ne4 Nd6 20. Ng3 Bh4 21. Qf4 Bxg3 22. Qxg3 Kh8 23. f6 gxf6 24. b3 Rg8 25. Qf4 Rg6 26. Bb2 Kg7 27. Qh4 Be2 28. Rf2 Bd3 29. Rd1 Nf5 30. Qf4 Ng3+ 31. Kh2 Be2 32. Re1 Bb5 33. Re3 Nh5 34. Qh4 Qd6+ 35. Kg1 Ng3 36. d5 Kg8 37. Rxf6 Ne2+ 38. Rxe2 Qc7 39. Rxg6+ fxg6 40. Qf6 1-0

[Event "PRO League Stage"]
[Site "Chess.com INT"]
[Date "2019.01.30"]
[Round "4"]
[White "Ashwin, Jayaram"]
[Black "Shabalov, Alexander"]
[Result "1-0"]
[WhiteElo "2500"]
[BlackElo "2529"]
[PlyCount "97"]
[EventDate "2019.01.08"]
[EventType "team-swiss (rapid)"]
[EventRounds "10"]
[EventCountry "USA"]
[SourceTitle "CBM 188 Extra"]
[Source "ChessBase"]
[SourceDate "2019.02.26"]
[SourceVersion "1"]
[SourceVersionDate "2019.02.26"]
[SourceQuality "1"]
[WhiteTeam "Webster Windmills"]
[BlackTeam "Pittsburgh Pawngrabbers"]
[WhiteTeamCountry "USA"]
[BlackTeamCountry "USA"]

1. d4 f5 2. g3 Nf6 3. Bg2 g6 4. Nf3 Bg7 5. 0-0 0-0 6. c4 d6 7. Nc3 c6 8. Rb1 Kh8 9. b4 Be6 10. d5 Bg8 11. Nd4 Qc8 12. Bb2 cxd5 13. Nxd5 Qd7 14. Qd2 Na6 15. Nb5 Bxd5 16. Bxd5 e6 17. Bg2 d5 18. a4 Rad8 19. c5 b6 20. Rfc1 bxc5 21. bxc5 Rc8 22. Ba3 Rfd8 23. Qa5 Nb8 24. Nxa7 Nc6 25. Nxc6 Rxc6 26. Rb6 Rdc8 27. Qb5 Rxb6 28. Qxb6 Qxa4 29. Bb2 Qc6 30. Ra1 Kg8 31. Ra6 Qxb6 32. cxb6 Nd7 33. Bxg7 Kxg7 34. Ra7 Rd8 35. Rc7 Kf6 36. b7 Ke7 37. e3 Kd6 38. Rc8 Ke7 39. Bf1 Nb8 40. Bb5 Rf8 41. f4 Rd8 42. Kf2 h6 43. Ke2 g5 44. Kd3 gxf4 45. gxf4 h5 46. Kd4 h4 47. Ke5 h3 48. Rxd8 Kxd8 49. Kd6 1-0

[Event "PRO League Stage"]
[Site "Chess.com INT"]
[Date "2019.01.30"]
[Round "4"]
[White "Safarli, Eltaj"]
[Black "Ashwin, Jayaram"]
[Result "1-0"]
[WhiteElo "2681"]
[BlackElo "2500"]
[PlyCount "79"]
[EventDate "2019.01.08"]
[EventType "team-swiss (rapid)"]
[EventRounds "10"]
[EventCountry "USA"]
[SourceTitle "CBM 188 Extra"]
[Source "ChessBase"]
[SourceDate "2019.02.26"]
[SourceVersion "1"]
[SourceVersionDate "2019.02.26"]
[SourceQuality "1"]
[WhiteTeam "San Jose Hackers"]
[BlackTeam "Webster Windmills"]
[WhiteTeamCountry "USA"]
[BlackTeamCountry "USA"]

1. e4 Nf6 2. Nc3 d5 3. exd5 Nxd5 4. d4 Nxc3 5. bxc3 g6 6. Nf3 Bg7 7. Bd3 c5 8. 0-0 0-0 9. Rb1 Qc7 10. Re1 Rd8 11. Be4 Nc6 12. d5 Ne5 13. Bf4 Bg4 14. Kh1 Qc8 15. h3 Nxf3 16. Bxf3 Bxf3 17. Qxf3 Rd7 18. c4 Bf6 19. Re4 b6 20. Rb3 Qf8 21. Be5 Bxe5 22. Rxe5 Re8 23. Rbe3 e6 24. h4 Red8 25. h5 exd5 26. cxd5 Qh6 27. g3 Qf8 28. Kg2 Qd6 29. c4 Qf8 30. Qf4 Rd6 31. Re7 R6d7 32. R7e5 Rd6 33. h6 R6d7 34. g4 f6 35. Re6 Rf7 36. d6 f5 37. g5 Rfd7 38. Re7 Rxd6 39. Rg7+ Kh8 40. Ree7 1-0

[Event "Saint Louis Fall-B"]
[Site "Saint Louis"]
[Date "2018.10.16"]
[Round "7"]
[White "Ashwin, Jayaram"]
[Black "Azarov, Sergei Nikolaevich"]
[Result "1/2-1/2"]
[WhiteElo "2494"]
[BlackElo "2565"]
[PlyCount "171"]
[EventDate "2018.10.10"]
[EventType "tourn"]
[EventRounds "9"]
[EventCountry "USA"]
[EventCategory "10"]
[SourceTitle "CBM 186 Extra"]
[Source "ChessBase"]
[SourceDate "2018.08.24"]
[SourceVersion "1"]
[SourceVersionDate "2018.08.24"]
[SourceQuality "1"]

1. d4 Nf6 2. c4 e6 3. Nc3 Bb4 4. e3 0-0 5. Bd3 d5 6. cxd5 exd5 7. Nge2 Re8 8. Bd2 Bf8 9. 0-0 b6 10. Rc1 c5 11. Nf4 Bb7 12. dxc5 bxc5 13. Qb3 Bc6 14. Bb5 d4 15. Na4 Ne4 16. Rfd1 Qf6 17. Be1 dxe3 18. fxe3 Bxb5 19. Qxb5 Nc6 20. Nc3 Rab8 21. Qc4 Ng5 22. b3 Qh6 23. Nfd5 Bd6 24. Qh4 Qg6 25. Bg3 h6 26. Kh1 Be5 27. Bf4 Rbd8 28. Qg3 Bxc3 29. Nxc3 Nb4 30. h4 Rxd1+ 31. Rxd1 Qh5 32. Bxg5 hxg5 33. Qxg5 Qxg5 34. hxg5 Rxe3 35. Nd5 Re5 36. Nxb4 cxb4 37. Rd4 a5 38. g6 fxg6 39. a3 bxa3 40. Ra4 Rb5 41. Rxa3 Kf7 42. Kg1 Ke6 43. Kf2 Kd6 44. Ra4 Kc6 45. Ke2 Kb6 46. Rg4 g5 47. Kd2 Re5 48. Kd3 Kc5 49. Rc4+ Kb5 50. Rg4 g6 51. Kd2 Kc5 52. Rc4+ Kb5 53. Rg4 Rd5+ 54. Ke2 Kc6 55. Rc4+ Rc5 56. Rg4 Rb5 57. Ra4 Kd5 58. Rg4 Ke6 59. Ra4 Kf5 60. Kf2 Ke6 61. Ke2 Kd6 62. Kd2 Kc6 63. Rc4+ Rc5 64. Ra4 Rd5+ 65. Ke2 Re5+ 66. Kd2 Rb5 67. Rc4+ Kb6 68. Rg4 Ka6 69. Rg3 Rd5+ 70. Ke2 Re5+ 71. Kd2 Rd5+ 72. Ke2 Kb6 73. Rg4 Rb5 74. Kd2 Kc6 75. Rc4+ Kd6 76. Ra4 Ke6 77. Ke2 Kf6 78. Kf2 g4 79. g3 g5 80. Kg2 Kf5 81. Kh2 Rxb3 82. Rxa5+ Ke4 83. Rxg5 Rb2+ 84. Kg1 Kf3 85. Rf5+ Kxg3 86. Rf1 1/2-1/2

[Event "Saint Louis Fall-B"]
[Site "Saint Louis"]
[Date "2018.10.15"]
[Round "6"]
[White "Zierk, Steven C"]
[Black "Ashwin, Jayaram"]
[Result "1/2-1/2"]
[WhiteElo "2506"]
[BlackElo "2494"]
[PlyCount "49"]
[EventDate "2018.10.10"]
[EventType "tourn"]
[EventRounds "9"]
[EventCountry "USA"]
[EventCategory "10"]
[SourceTitle "CBM 186 Extra"]
[Source "ChessBase"]
[SourceDate "2018.08.24"]
[SourceVersion "1"]
[SourceVersionDate "2018.08.24"]
[SourceQuality "1"]

1. e4 c6 2. d4 d5 3. Nc3 dxe4 4. Nxe4 Nf6 5. Nxf6+ exf6 6. Nf3 Bd6 7. h3 0-0 8. Be2 Re8 9. 0-0 Bc7 10. Bd3 Be6 11. c4 Qd6 12. Qc2 h5 13. Bf5 Nd7 14. Bd2 Nf8 15. Rad1 Ng6 16. g3 h4 17. g4 Nf4 18. Bxf4 Qxf4 19. Kg2 Bxc4 20. Qxc4 Re3 21. fxe3 Qg3+ 22. Kh1 Qxh3+ 23. Kg1 Qg3+ 24. Kh1 Qh3+ 25. Kg1 1/2-1/2

[Event "Saint Louis Fall-B"]
[Site "Saint Louis"]
[Date "2018.10.14"]
[Round "5"]
[White "Ashwin, Jayaram"]
[Black "Yoo, Christopher Woojin"]
[Result "1/2-1/2"]
[WhiteElo "2494"]
[BlackElo "2410"]
[PlyCount "92"]
[EventDate "2018.10.10"]
[EventType "tourn"]
[EventRounds "9"]
[EventCountry "USA"]
[EventCategory "10"]
[SourceTitle "CBM 186 Extra"]
[Source "ChessBase"]
[SourceDate "2018.08.24"]
[SourceVersion "1"]
[SourceVersionDate "2018.08.24"]
[SourceQuality "1"]

1. d4 Nf6 2. Nf3 g6 3. Bg5 Bg7 4. Nbd2 0-0 5. e3 d6 6. Bc4 b6 7. c3 Bb7 8. a4 a6 9. 0-0 Nbd7 10. Qc2 e5 11. dxe5 dxe5 12. e4 h6 13. Bh4 Qe8 14. Rfe1 Nh5 15. b4 Kh8 16. Qa2 f5 17. exf5 gxf5 18. Bg3 e4 19. Nd4 f4 20. Bh4 Bxd4 21. cxd4 Qg6 22. Bd5 Bxd5 23. Qxd5 Ndf6 24. Qc6 Rg8 25. g3 e3 26. fxe3 fxg3 27. hxg3 Raf8 28. Rf1 Rg7 29. Rf3 Qg4 30. Kh2 Qg6 31. Kg2 Qd3 32. Nf1 Rgf7 33. Qe6 Ng7 34. Bxf6 Rxf6 35. Qxf6 Rxf6 36. Rxf6 Nf5 37. Rf8+ Kg7 38. Rc8 Qe2+ 39. Kg1 Nxe3 40. Rxc7+ Kg6 41. Nxe3 Qxe3+ 42. Kg2 Qe2+ 43. Kh3 Qh5+ 44. Kg2 Qe2+ 45. Kh3 Qh5+ 46. Kg2 Qe2+ 1/2-1/2

[Event "Saint Louis Fall-B"]
[Site "Saint Louis"]
[Date "2018.10.12"]
[Round "3"]
[White "Ashwin, Jayaram"]
[Black "Jacobson, Brandon"]
[Result "1/2-1/2"]
[WhiteElo "2494"]
[BlackElo "2412"]
[PlyCount "215"]
[EventDate "2018.10.10"]
[EventType "tourn"]
[EventRounds "9"]
[EventCountry "USA"]
[EventCategory "10"]
[SourceTitle "CBM 186 Extra"]
[Source "ChessBase"]
[SourceDate "2018.08.24"]
[SourceVersion "1"]
[SourceVersionDate "2018.08.24"]
[SourceQuality "1"]

1. Nf3 Nf6 2. g3 b6 3. Bg2 Bb7 4. 0-0 g6 5. d4 Bg7 6. c4 0-0 7. d5 Ne4 8. Nfd2 Nd6 9. e4 e6 10. Re1 exd5 11. cxd5 Re8 12. Nc3 Na6 13. Nf3 c6 14. e5 Nc4 15. Qd4 cxd5 16. Nxd5 Bxd5 17. Qxd5 Rc8 18. Bg5 Qc7 19. Rec1 Qc6 20. Qxc6 Rxc6 21. Nd2 Nxe5 22. Bxc6 dxc6 23. Re1 Nb4 24. f4 Nc2 25. fxe5 Nxa1 26. Rxa1 Rxe5 27. Bf4 Re2 28. Rb1 Bd4+ 29. Kh1 f6 30. h4 h6 31. Nf3 Bxb2 32. Bxh6 Ba3 33. Nd4 Rxa2 34. Nxc6 Bd6 35. Rb3 Kh7 36. Rd3 Bxg3 37. Bd2 Bxh4 38. Rd7+ Kg8 39. Bh6 Bg5 40. Bxg5 fxg5 41. Nxa7 Ra4 42. Rb7 Rf4 43. Rxb6 Kg7 44. Nc6 Rf6 45. Rb7+ Rf7 46. Rb8 Rf8 47. Rb2 g4 48. Kg2 Ra8 49. Kg3 Ra1 50. Ne5 Rg1+ 51. Kf2 Ra1 52. Nxg4 g5 53. Rb6 Ra4 54. Ne5 Rf4+ 55. Ke3 Ra4 56. Rg6+ Kf8 57. Rxg5 Ke7 58. Rg6 Ra1 59. Nc6+ Kf7 60. Rd6 Re1+ 61. Kf4 Rf1+ 62. Ke4 Re1+ 63. Kd5 Rd1+ 64. Nd4 Rh1 65. Ra6 Rh5+ 66. Ke4 Rh4+ 67. Ke5 Rh1 68. Rf6+ Ke7 69. Nf5+ Kd7 70. Rf7+ Kc6 71. Nd4+ Kb6 72. Rf6+ Kb7 73. Kd5 Rd1 74. Rh6 Kc7 75. Rh7+ Kb6 76. Kc4 Rc1+ 77. Kb4 Rd1 78. Rh6+ Kb7 79. Nb3 Rg1 80. Kb5 Rb1 81. Rh7+ Kb8 82. Kc4 Rg1 83. Nc5 Rg4+ 84. Kd5 Rg5+ 85. Kd6 Rg6+ 86. Ne6 Kc8 87. Re7 Rg1 88. Kc6 Rc1+ 89. Nc5 Kb8 90. Re3 Rc2 91. Re1 Rc4 92. Ra1 Rc2 93. Ra3 Rc1 94. Rb3+ Kc8 95. Re3 Kb8 96. Kb6 Rb1+ 97. Nb3 Kc8 98. Rd3 Rb2 99. Kc6 Rc2+ 100. Nc5 Rc1 101. Rd2 Kb8 102. Re2 Rc4 103. Re8+ Ka7 104. Re3 Kb8 105. Rb3+ Kc8 106. Re3 Kb8 107. Kb5 Rc1 108. Kb6 1/2-1/2

[Event "Charlotte CCCSA GM"]
[Site "Charlotte"]
[Date "2018.09.03"]
[Round "9"]
[White "Ashwin, Jayaram"]
[Black "Korley, Kassa"]
[Result "1-0"]
[WhiteElo "2495"]
[BlackElo "2458"]
[PlyCount "67"]
[EventDate "2018.08.30"]
[EventType "tourn"]
[EventRounds "9"]
[EventCountry "USA"]
[EventCategory "8"]
[SourceTitle "CBM 186 Extra"]
[Source "ChessBase"]
[SourceDate "2018.08.24"]
[SourceVersion "1"]
[SourceVersionDate "2018.08.24"]
[SourceQuality "1"]

1. d4 d5 2. c4 e6 3. Nc3 Nf6 4. cxd5 exd5 5. Bg5 c6 6. Qc2 Nbd7 7. e3 h6 8. Bh4 g5 9. Bg3 Nh5 10. 0-0-0 Nxg3 11. hxg3 Nb6 12. Bd3 Be6 13. f4 Qe7 14. Nf3 gxf4 15. gxf4 Bg4 16. e4 Bxf3 17. gxf3 0-0-0 18. e5 Kb8 19. Kb1 h5 20. f5 Qg5 21. Qf2 Bh6 22. Ne2 Qe3 23. Qxe3 Bxe3 24. b4 Rdg8 25. Rh3 Rg2 26. Rdh1 Nc4 27. f4 Bd2 28. Rxh5 Rxh5 29. Rxh5 Bxb4 30. Rh8+ Kc7 31. Rh7 Ne3 32. Rxf7+ Kb6 33. a3 Bxa3 34. e6 1-0

[Event "Charlotte CCCSA GM"]
[Site "Charlotte"]
[Date "2018.09.01"]
[Round "4"]
[White "Ashwin, Jayaram"]
[Black "Wang, Tianqi"]
[Result "1/2-1/2"]
[WhiteElo "2495"]
[BlackElo "2312"]
[PlyCount "86"]
[EventDate "2018.08.30"]
[EventType "tourn"]
[EventRounds "9"]
[EventCountry "USA"]
[EventCategory "8"]
[SourceTitle "CBM 186 Extra"]
[Source "ChessBase"]
[SourceDate "2018.08.24"]
[SourceVersion "1"]
[SourceVersionDate "2018.08.24"]
[SourceQuality "1"]

1. d4 Nf6 2. c4 e6 3. Nc3 Bb4 4. e3 b6 5. Nge2 Ne4 6. Qc2 Bb7 7. a3 Bxc3+ 8. Nxc3 Nxc3 9. Qxc3 0-0 10. b3 d6 11. Bb2 Nd7 12. 0-0-0 Qh4 13. f3 f5 14. Kb1 Nf6 15. Bd3 Qh5 16. Qc2 Nd7 17. h3 Rae8 18. Rdf1 Qh4 19. Bc1 c5 20. g4 cxd4 21. exd4 f4 22. Bd2 g6 23. Bb4 Qe7 24. a4 Nf6 25. Rh2 Rf7 26. Qd2 Qc7 27. Re2 e5 28. Qe1 Bc6 29. Bc3 Rfe7 30. dxe5 dxe5 31. Qh4 Re6 32. Bf5 gxf5 33. gxf5 Rd6 34. Rg1+ Kh8 35. Rxe5 Rxe5 36. Bxe5 Rd1+ 37. Rxd1 Qxe5 38. Qg5 Qc3 39. Rd8+ Be8 40. Ka2 Qc2+ 41. Ka3 Qc1+ 42. Ka2 Qc2+ 43. Ka1 Qc1+ 1/2-1/2

[Event "Chicago op 27th"]
[Site "Chicago"]
[Date "2018.05.27"]
[Round "7"]
[White "Shimanov, Aleksandr"]
[Black "Ashwin, Jayaram"]
[Result "1-0"]
[WhiteElo "2625"]
[BlackElo "2483"]
[PlyCount "73"]
[EventDate "2018.05.24"]
[EventType "swiss"]
[EventRounds "9"]
[EventCountry "USA"]
[SourceTitle "CBM 184 Extra"]
[Source "ChessBase"]
[SourceDate "2018.06.28"]
[SourceVersion "1"]
[SourceVersionDate "2018.06.28"]
[SourceQuality "1"]

1. c4 e6 2. Nc3 d5 3. d4 a6 4. cxd5 exd5 5. g3 Nf6 6. Bg2 Bd6 7. Nh3 h6 8. 0-0 0-0 9. Nf4 c6 10. f3 Qb6 11. Kh1 Rd8 12. Na4 Qa7 13. e4 dxe4 14. fxe4 Bg4 15. Qd3 Bxf4 16. gxf4 Rxd4 17. Qc2 b5 18. Nc3 Rd8 19. e5 Nd5 20. Qe4 f5 21. Qe1 Nxc3 22. Qxc3 Be2 23. Re1 Bc4 24. e6 Qe7 25. b3 Bd5 26. Bxd5 cxd5 27. Bb2 Ra7 28. Rad1 Rc7 29. Qe5 Rc2 30. Rg1 d4 31. Rxg7+ Qxg7 32. Rg1 Qxg1+ 33. Kxg1 Rxb2 34. e7 Re8 35. Qf6 Rxe7 36. Qxe7 d3 37. Qe6+ 1-0

[Event "Charlotte CCCSA Spring GM"]
[Site "Charlotte"]
[Date "2018.04.01"]
[Round "9"]
[White "Ashwin, Jayaram"]
[Black "Hilby, Craig"]
[Result "1-0"]
[WhiteElo "2484"]
[BlackElo "2419"]
[PlyCount "43"]
[EventDate "2018.03.28"]
[EventType "tourn"]
[EventRounds "9"]
[EventCountry "USA"]
[EventCategory "8"]
[SourceTitle "CBM 183 Extra"]
[Source "ChessBase"]
[SourceDate "2018.04.19"]
[SourceVersion "1"]
[SourceVersionDate "2018.04.19"]
[SourceQuality "1"]

1. Nf3 g6 2. d4 Bg7 3. c3 d6 4. Bg5 Nf6 5. Nbd2 h6 6. Bh4 g5 7. Bg3 Nh5 8. e4 c5 9. dxc5 Nxg3 10. hxg3 dxc5 11. Bb5+ Nd7 12. a4 0-0 13. Qe2 Qc7 14. Bd3 g4 15. Nh4 Ne5 16. Bc2 c4 17. Nf1 Qa5 18. Ne3 Nd3+ 19. Kf1 Nxb2 20. Nhf5 Rd8 21. Qxg4 Qxc3 22. Ra3 1-0

[Event "PRO League Stage"]
[Site "Chess.com INT"]
[Date "2018.02.14"]
[Round "6"]
[White "Flores Rios, Mauricio"]
[Black "Ashwin, Jayaram"]
[Result "0-1"]
[WhiteElo "2529"]
[BlackElo "2486"]
[PlyCount "158"]
[EventDate "2018.01.18"]
[EventType "team-swiss (rapid)"]
[EventRounds "9"]
[EventCountry "USA"]
[SourceTitle "CBM 182 Extra"]
[Source "ChessBase"]
[SourceDate "2018.02.23"]
[SourceVersion "1"]
[SourceVersionDate "2018.02.23"]
[SourceQuality "1"]
[WhiteTeam "Minnesota Blizzard"]
[BlackTeam "Webster Windmills"]
[WhiteTeamCountry "USA"]
[BlackTeamCountry "USA"]

1. d4 Nf6 2. c4 e6 3. g3 d5 4. Nf3 Bb4+ 5. Bd2 Bd6 6. Nc3 0-0 7. Qc2 Nc6 8. e4 Nb4 9. Qb1 dxe4 10. Nxe4 Nxe4 11. Qxe4 f5 12. Qb1 b6 13. Bg2 Bb7 14. 0-0 Be4 15. Qd1 Nc2 16. Rc1 Bxf3 17. Qxf3 Nxd4 18. Qxa8 Ne2+ 19. Kh1 Qxa8 20. Bxa8 Nxc1 21. Bc6 Nd3 22. Bc3 Be5 23. Bxe5 Nxe5 24. Bb5 Nd3 25. Kg1 Rd8 26. Rd1 Rd6 27. Rd2 Nc1 28. Rxd6 cxd6 29. a3 Nb3 30. f4 Kf7 31. Kf2 Kf6 32. Ke3 e5 33. Ba4 Nd4 34. Bd1 g5 35. fxg5+ Kxg5 36. Kd3 Ne6 37. Ke3 Kf6 38. Bc2 h6 39. Bd1 e4 40. g4 Ke5 41. gxf5 Nd4 42. f6 Nf5+ 43. Kd2 Kxf6 44. Bg4 Ke5 45. h3 Kf4 46. b4 Nd4 47. a4 Nc6 48. Kc3 Ke3 49. Bd7 Ne5 50. Bf5 a5 51. bxa5 bxa5 52. Be6 Nd3 53. Bg4 Nc5 54. Bd1 Kf2 55. Kd4 e3 56. Kd5 Nxa4 57. Kxd6 Nb2 58. c5 Nxd1 59. c6 e2 60. c7 e1Q 61. c8Q Qd2+ 62. Ke7 Qg5+ 63. Kf7 Ne3 64. Qc3 Kg3 65. Qb2 Kxh3 66. Kf8 Qf5+ 67. Kg8 h5 68. Kg7 h4 69. Kh8 a4 70. Qa3 Qe5+ 71. Kh7 Qe4+ 72. Kh8 Kg4 73. Qc3 h3 74. Qg7+ Kf4 75. Qh6+ Kg3 76. Qd6+ Qf4 77. Qg6+ Kf2 78. Qh5 Qf8+ 79. Kh7 Qf5+ 0-1

[Event "PRO League Stage"]
[Site "Chess.com INT"]
[Date "2018.02.03"]
[Round "4"]
[White "Ashwin, Jayaram"]
[Black "Harmon Vellotti, Luke"]
[Result "1-0"]
[WhiteElo "2486"]
[BlackElo "2468"]
[PlyCount "75"]
[EventDate "2018.01.18"]
[EventType "team-swiss (rapid)"]
[EventRounds "9"]
[EventCountry "USA"]
[SourceTitle "CBM 182 Extra"]
[Source "ChessBase"]
[SourceDate "2018.02.23"]
[SourceVersion "1"]
[SourceVersionDate "2018.02.23"]
[SourceQuality "1"]
[WhiteTeam "Webster Windmills"]
[BlackTeam "Dallas Destiny"]
[WhiteTeamCountry "USA"]
[BlackTeamCountry "USA"]

1. Nf3 Nf6 2. g3 b5 3. Bg2 Bb7 4. 0-0 e6 5. d3 Be7 6. e4 d6 7. Nd4 a6 8. Re1 0-0 9. a4 b4 10. e5 Bxg2 11. exf6 Bxf6 12. Nxe6 fxe6 13. Kxg2 Qd7 14. Qg4 Nc6 15. c3 Ne5 16. Qe4 c5 17. Bf4 Rae8 18. Nd2 Nc6 19. Qc4 Qb7 20. Ne4 Na5 21. Qa2 b3 22. Qb1 Be7 23. Kg1 Qc6 24. Qd1 c4 25. d4 d5 26. Ng5 Bxg5 27. Bxg5 Rf5 28. Qg4 Qd7 29. Re2 Nb7 30. Bf4 Nd8 31. Rae1 Rf6 32. Bg5 Rg6 33. h4 Nf7 34. f4 h6 35. Qh5 Kh7 36. f5 exf5 37. Rxe8 Qd6 38. Bf4 1-0

[Event "Saint Louis GM"]
[Site "Saint Louis"]
[Date "2017.11.20"]
[Round "7"]
[White "Burke, John M"]
[Black "Ashwin, Jayaram"]
[Result "1/2-1/2"]
[WhiteElo "2502"]
[BlackElo "2474"]
[PlyCount "44"]
[EventDate "2017.11.17"]
[EventType "tourn"]
[EventRounds "9"]
[EventCountry "USA"]
[EventCategory "10"]
[SourceTitle "CBM 181 Extra"]
[Source "ChessBase"]
[SourceDate "2017.12.12"]
[SourceVersion "1"]
[SourceVersionDate "2017.12.12"]
[SourceQuality "1"]

1. e4 e6 2. d4 d5 3. Nd2 c5 4. Ngf3 cxd4 5. exd5 Qxd5 6. Bc4 Qd7 7. 0-0 Nc6 8. Nb3 Nf6 9. Nbxd4 Nxd4 10. Nxd4 a6 11. Re1 Bc5 12. Be3 Qc7 13. Bb3 0-0 14. Qf3 Bd6 15. Qh3 e5 16. Nf5 e4 17. Bg5 Bxf5 18. Qxf5 Bxh2+ 19. Kh1 Qe5 20. Qxe5 Bxe5 21. Bxf6 Bxf6 22. Bd5 Rac8 1/2-1/2